10 Biggest Cities in Australia - Statistics

General Stats
  • This quiz has been taken 59 times
  • The average score is 8 of 10
Answer Stats
Rank Population City % Correct
2 4,749,274 Melbourne
100%
1 4,778,044 Sydney
100%
4 2,159,065 Perth
96%
3 2,252,122 Brisbane
94%
5 1,230,728 Adelaide
88%
7 343,835 Canberra
84%
6 611,169 Gold Coast
70%
8 336,881 Newcastle
54%
10 283,052 Sunshine Coast
44%
9 318,109 Central Coast
20%
No matching quizzes found
Score Distribution
Percent of People with Each Score
Percentile by Number Answered
Your Score History
You have not taken this quiz